| 000 | 02622nam a2200337 a 4500 | ||
|---|---|---|---|
| 001 | 000047546 | ||
| 003 | OSt | ||
| 005 | 20250227073855.0 | ||
| 008 | 090630s2017 dr r 000 0 spa d | ||
| 020 | _a9789945582482 | ||
| 040 |
_aDO-SdBNP _bspa _cBNPHU |
||
| 082 |
_a330.97293 _bC744n 2016 |
||
| 111 |
_aConcurso Biblioteca Juan Pablo Duarte _96999 |
||
| 245 | 1 | 0 |
_aNueva literatura económica dominicana : _bpremios del Concurso de Economía Biblioteca "Juan Pablo Duarte" 2016 / _cNerys F. Ramírez ... [et al.] ; edición José Alcántara Almánzar. |
| 260 |
_aSanto Domingo : _bBanco Central de la República Dominicana, _c2017. |
||
| 300 |
_axvi, 351 p. : _bil., gráfcs. ; _c23 cm. |
||
| 490 | 1 |
_aBanco Central de la República Dominicana ; _v237 _aNueva literatura económica dominicana ; _v21 |
|
| 500 | _aIncluye referencias bibliográficas y notas al pie de las páginas | ||
| 505 | 0 |
_aPresentación -- _tIntroducción -- _gPrimera parte -- _tDeterminantes del desempleo en la República Dominicana. Dinámica temporal y microsimulaciones/ _rNerys F. Ramírez -- _gSegunda parte : _tAnálisis intertemporal de la hoja de balance de un banco central : el caso dominicano / _rRaúl Ovalle Marte , Francisco A. Ramírez de León -- _gTercera parte : _tUna estimación del costo en bienestar de la inflación para la República Dominicana/ _rOscar Iván Pascual Vásquez _gCuarta parte : _tRiqueza e inclusión financiera : un acercamiento a los costos de exclusión financiera en la República Dominicana/ _rAna Emilia Pimentel Rodríguez, Carlos Alberto Delgado Urbáez _gQuinta parte : _tEducación financiera y la planificación para el retiro laboral en la República Dominicana : Análisis a partir de modelos de máxima verosimilitud para valiables cualitativos/ _rPilar del Carmen Dolores Mateo Mejía, Antonio María Giraldi Monción |
|
| 590 | _aInventariado, 2018/ VM | ||
| 650 | 4 |
_aFinanzas _xRepública dominicana _vCONGRESOS CONFERENCIAS,ETC. _975161 |
|
| 651 | 4 |
_aRepública Dominica _xPolítica Económica _vCONGRESOS CONFERENCIAS,ETC. _975171 |
|
| 651 | 4 |
_aRepública Dominicana _xCondiciones Económicas _vCONGRESOS CONFERENCIAS,ETC. _97000 |
|
| 651 | 4 |
_aPolítica Monetaria _xRepública Dominicana _vCONGRESOS, CONFERENCIAS, ETC. _975172 |
|
| 700 | 1 |
_aRamírez, Nerys F. _975173 |
|
| 700 | 1 |
_aAlcántara Almánzar, José _d1946- _eed. _97018 |
|
| 710 | 2 |
_aBanco Central de la República Dominicana. _bDepartamento Cultural. _97006 |
|
| 830 | 0 |
_aBanco Central de la República Dominicana ; _v237 _pNueva literatura económica dominicana ; _n21 _975174 |
|
| 910 | _aValidado. Control de calidad MFF | ||
| 942 |
_2ddc _cLBS1 |
||
| 999 |
_c47034 _d47034 |
||